Úrokové sadzby na dlhodobé úvery na bývanie: zmeny a vplyv konkurencie a cien nehnuteľností
Faktory, ktoré ovplyvňovali vývoj úrokových sadzieb dlhodobých úverov na bývanie v SR. Vývoj koncentrácie na trhu dlhodobých úverov obyvateľstvu. Vplyv cien nehnuteľností na úrokové sadzby úverov na bývanie. Rozdiel vo vývoji úrokových sadzieb na bývanie pre obyvateľstvo s fixáciou do 1 roka v rámci...
Guardado en:
| Autor principal: | |
|---|---|
| Otros Autores: | |
| Formato: | Capítulo de libro |
| Lenguaje: | eslovaco |
| Materias: | |
| Etiquetas: |
Sin Etiquetas, Sea el primero en etiquetar este registro!
|
MARC
| LEADER | 00000naa a2200000 4500 | ||
|---|---|---|---|
| 001 | 0141503 | ||
| 005 | 20231116091203.2 | ||
| 041 | 0 | |a slo | |
| 044 | |a SK | ||
| 245 | 1 | 0 | |a Úrokové sadzby na dlhodobé úvery na bývanie: zmeny a vplyv konkurencie a cien nehnuteľností |c František Hajnovič, Ján Klasco |
| 520 | |a Faktory, ktoré ovplyvňovali vývoj úrokových sadzieb dlhodobých úverov na bývanie v SR. Vývoj koncentrácie na trhu dlhodobých úverov obyvateľstvu. Vplyv cien nehnuteľností na úrokové sadzby úverov na bývanie. Rozdiel vo vývoji úrokových sadzieb na bývanie pre obyvateľstvo s fixáciou do 1 roka v rámci eurozóny. | ||
| 610 | 2 | 0 | |a sadzby úrokové |
| 610 | 2 | 0 | |a Slovensko |
| 610 | 2 | 0 | |a nehnuteľnosti |
| 610 | 2 | 0 | |a konkurencia |
| 610 | 2 | 0 | |a eurozóna |
| 610 | 2 | 0 | |a úver |
| 610 | 2 | 0 | |a byty |
| 100 | 1 | |a Hajnovič, František | |
| 700 | 1 | |a Klasco, Ján | |